000 00630nam a2200169 a 4500
008 120124s2004 ||||||||||||||||| || u
020 _a9780273683858
050 _aHF 5636 Dys
100 _aDyson, John R
245 1 0 _aAccounting for non-accounting Students. (6th ed.)
250 _a6th ed.
260 _aHarlow, England:
_bPearson Education, Inc
_c2004
300 _axix, 580p.: ill.
350 _a0.00
650 0 _aACCOUNTING--HANDBOOKS, MANUALS, ETC
995 _D0.00
_FCBU-MAIN LIBRARY (Kitwe)
_H1
_I0.00
_M1
_UAVAILABLE
_WMar 2, 2012
_ZMain Library Open Access Collection
999 _c33336
_d33336